Phân loại văn bản với giải thuật Logistic Regression : Luận văn Thạc sĩ Công nghệ thông tin. Chuyên ngành Hệ thống thông tin
Nghiên cứu phát triển thuật toán máy học (LR-SGD) mà không tập trung nghiên cứu sâu các bước xử lý dữ liệu đầu vào, không phân biệt ngôn ngữ của các văn bản trong tập dữ liệu.
Đã lưu trong:
| Príomhúdar: | |
|---|---|
| Formáid: | Leabhar |
| Teanga: | Undetermined |
| Foilsithe: |
Cần Thơ
Trường Đại học Cần Thơ
2017
|
| Ábhair: | |
| Clibeanna: |
Cuir Clib Leis
Gan Chlibeanna, Bí ar an gcéad duine leis an taifead seo a chlibeáil!
|
| Thư viện lưu trữ: | Trung tâm Học liệu Trường Đại học Cần Thơ |
|---|
| LEADER | 01082nam a2200193Ia 4500 | ||
|---|---|---|---|
| 001 | CTU_225367 | ||
| 008 | 210402s9999 xx 000 0 und d | ||
| 082 | |a 006.425 | ||
| 082 | |b L431 | ||
| 100 | |a Quách, Tiểu Long | ||
| 245 | 0 | |a Phân loại văn bản với giải thuật Logistic Regression : | |
| 245 | 0 | |b Luận văn Thạc sĩ Công nghệ thông tin. Chuyên ngành Hệ thống thông tin | |
| 245 | 0 | |c Quách Tiểu Long ; Đỗ Thanh Nghị, Phạm Nguyên Khang (Cán bộ hướng dẫn) | |
| 260 | |a Cần Thơ | ||
| 260 | |b Trường Đại học Cần Thơ | ||
| 260 | |c 2017 | ||
| 520 | |a Nghiên cứu phát triển thuật toán máy học (LR-SGD) mà không tập trung nghiên cứu sâu các bước xử lý dữ liệu đầu vào, không phân biệt ngôn ngữ của các văn bản trong tập dữ liệu. | ||
| 650 | |a Pattern recognition systems,Hệ thống nhận diện mẫu | ||
| 980 | |a Trung tâm Học liệu Trường Đại học Cần Thơ | ||